000 01158nam a22002537a 4500
005 20170124103037.0
010 _aB-146506
020 _c175.00
_a8182340047
035 _aB-146506
037 _bCen Lib/Ret
040 _aDPL
_bHN
082 _a
_bयुगेश्व
100 _aयुगेश्वर
_965826
245 _aहिमालय का यक्ष :
_cयुगेश्वर
_bमहाकवि कालिदास के जीवन पर आधारित नयी कथाकृत /
246 _aHimalaya ka yaksh : mahakavi Kalidas ke jeevan par adharit nayi kathakrit /
_bby Yogeshwar
260 _aइलाहाबाद
_bसाहित्य मानव
_c2004
270 _a93 जीरो रोड
_bइलाहाबाद
300 _aviii,196पृ.
_c21सेमी (सजिल्द)
650 _a हिन्दी साहित्य
_965827
650 _a हिन्दी साहित्य -- उपन्यास
_946379
650 _aHindi literature
_965828
650 _aHindi literature -- Fiction
_965829
942 _2ddc
_cHN
_h
_mयुगेश्व
999 _c116301
_d116301